Estadísticas para Países con el Mayor Número de Ciclones

Haz click aquí para intentar la prueba.

Estadísticas generales

  • Esta prueba ha sido intentada 837 veces
  • La puntuación promedio es 7 de 10

Estadísticas de respuestas

PuestoPaís% Correcto
5Estados Unidos
98%
4México
93%
3Japón
91%
1China
88%
10Cuba
79%
2Filipinas
78%
6Australia
71%
8Vietnam
67%
7Taiwán
60%
9Madagascar
18%

Distribución de puntuación

Porcentaje por número respondido

Porcentaje de gente con cada puntuación

Historial de tus puntuaciones

No has intentado esta prueba.